=LDR 00000nam 2200000 4500 =001 INLIS000000000013006 =005 20130612104451 =008 ***********************************Ind** =035 ##$$0010-061300000013006 =041 ##$$a Ind =082 ##$$a 152.4 =090 ##$$a 152.4, Gib u =100 ##$$a Gibran, Kahlil =245 ##$$a Ungkapan cinta, Kahlil Gibran : editor, Fathul Hamami =260 ##$$a 2004 $b Yogyakarta =300 ##$$a 80 hlm, 19 cm =650 ##$$a Cinta =700 ##$$a Hamami, Fathul =850 ##$$a NBPNMAT